| 000 | 00627nam a2200229 a 4500 | ||
|---|---|---|---|
| 001 | 57148 | ||
| 003 | BD-RjUL | ||
| 005 | 20211209080455.0 | ||
| 008 | 161206s1962 njua b 000 0 eng | ||
| 035 | _a(BD-RjUL)57272 | ||
| 040 |
_aDLC _cDLC _dBD-RjUL _beng |
||
| 041 | _aeng | ||
| 082 | 0 | 0 |
_a128.2 _223 _bPHI 1962 |
| 245 | 0 | 4 |
_aThe Philosophy of mind / _cedited by Jonathan Glover. |
| 260 |
_aN. J. : _bPrentice -Hall, Inc., _c1962. |
||
| 300 |
_aix,178 p. ; _c21 cm. |
||
| 504 | _aIncludes Bibliography | ||
| 650 | 0 |
_aMind and body _9174693 |
|
| 700 | 1 |
_aChappell, V. C. _9169753 |
|
| 942 |
_2ddc _cBK |
||
| 999 |
_c57148 _d57148 |
||